{"text_format":"3","workbook":"xlsx","n_sheets":3,"sheets":["Лист1","Лист2","Лист3"],"read":"whole","date_system":"1900"}

{"sheet":"Лист1","index":0,"n_rows":43,"n_cols":15,"rows_kept":43}
["№","Фамилия","Имя","Отчество","Дата рождения","Пол","Участник с ОВЗ (да/нет)","Класс обучения","Класс участия","Балл","Максимальный балл","Статус","Призёр муниципального этапа прошлого года","ФИО учителя","Место работы учителя"]
[null,"Бурлаченко","Милена","Равилевна","2011-04-17","ж",null,5,5,10.4,25,"участник",null,"Билалова Ф.М.","МБОУ «Средняя общеобразовательная школа №7 г. Лениногорска» "]
[null,"Шайхлисламов","Нияз","Маратович","2011-07-08","м",null,5,5,5.8,25,"участник",null,"Билалова Ф.М.","МБОУ «Средняя общеобразовательная школа №7 г. Лениногорска» "]
[null,"Нутфуллин","Альфред","Искандерович","2011-07-10","м",null,5,5,8.2,25,"участник",null,"Билалова Ф.М.","МБОУ «Средняя общеобразовательная школа №7 г. Лениногорска» "]
[null,"Борзых","Елизавета","Александровна","2011-03-20","ж",null,5,5,11.6,25,"участник",null,"Билалова Ф.М.","МБОУ «Средняя общеобразовательная школа №7 г. Лениногорска» "]
[null,"Гатауллин","Руслан","Иделевич","2011-04-27","м",null,5,5,11.6,25,"участник",null,"Билалова Ф.М.","МБОУ «Средняя общеобразовательная школа №7 г. Лениногорска» "]
[null,"Снурницин","Антон ","Юрьевич","2011-01-08","м",null,5,5,12.6,25,"призёр",null,"Билалова Ф.М.","МБОУ «Средняя общеобразовательная школа №7 г. Лениногорска» "]
[null,"Зиганшин","Ранис","Рубесович","2011-08-30","м",null,5,5,10.6,25,"участник",null,"Билалова Ф.М.","МБОУ «Средняя общеобразовательная школа №7 г. Лениногорска» "]
[null,"Фазылов","Тимур","Эльдарович","2010-02-24","м",null,6,6,6,25,"участник",null,"Билалова Ф.М.","МБОУ «Средняя общеобразовательная школа №7 г. Лениногорска» "]
[null,"Салихова","Лейсан","Маратовна","2010-09-19","ж",null,6,6,6.4,25,"участник",null,"Билалова Ф.М.","МБОУ «Средняя общеобразовательная школа №7 г. Лениногорска» "]
[null,"Мальковский","Артём","Маратович","2010-05-09","м",null,6,6,8.4,25,"участник",null,"Билалова Ф.М.","МБОУ «Средняя общеобразовательная школа №7 г. Лениногорска» "]
[null,"Абраров ","Инсаф","Айратович","2010-08-15","м",null,6,6,5.8,25,"участник",null,"Билалова Ф.М.","МБОУ «Средняя общеобразовательная школа №7 г. Лениногорска» "]
[null,"Загретдинов","Алан","Рамилевич","2010-10-30","м",null,6,6,5.8,25,"участник",null,"Билалова Ф.М.","МБОУ «Средняя общеобразовательная школа №7 г. Лениногорска» "]
[null,"Зиятдинов ","Камиль","Маратович","2010-12-27","м",null,6,6,12.6,25,"призёр",null,"Билалова Ф.М.","МБОУ «Средняя общеобразовательная школа №7 г. Лениногорска» "]
[null,"Валеев ","Даниил","Ирекович","2009-03-05","м",null,7,7,19.6,30,"призёр",null,"Билалова Ф.М.","МБОУ «Средняя общеобразовательная школа №7 г. Лениногорска» "]
[null,"Ильдебенов","Иван","Александрович","2009-01-05","м",null,7,7,19.4,30,"призёр",null,"Билалова Ф.М.","МБОУ «Средняя общеобразовательная школа №7 г. Лениногорска» "]
[null,"Габидуллина ","Дина","Ринатовна","2009-05-20","ж",null,7,7,19.8,30,"призёр",null,"Билалова Ф.М.","МБОУ «Средняя общеобразовательная школа №7 г. Лениногорска» "]
[null,"Шаяхметова","Милана","Рифовна","2009-10-07","ж",null,7,7,14.6,30,"участник",null,"Билалова Ф.М.","МБОУ «Средняя общеобразовательная школа №7 г. Лениногорска» "]
[null,"Ахметзянова","Диана","Ренатовна","2009-02-14","ж",null,7,7,14,30,"участник",null,"Билалова Ф.М.","МБОУ «Средняя общеобразовательная школа №7 г. Лениногорска» "]
[null,"Шайдуллина","Амина","Илдаровна","2009-07-17","ж",null,7,7,11.2,30,"участник",null,"Билалова Ф.М.","МБОУ «Средняя общеобразовательная школа №7 г. Лениногорска» "]
[null,"Ахметзянова","Арина","Робертовна","2008-06-15","ж",null,8,8,6.9,33,"участник",null,"Билалова Ф.М.","МБОУ «Средняя общеобразовательная школа №7 г. Лениногорска» "]
[null,"Галямова","Вероника","Алексеевна","2008-04-28","ж",null,8,8,14.1,33,"участник",null,"Билалова Ф.М.","МБОУ «Средняя общеобразовательная школа №7 г. Лениногорска» "]
[null,"Афанасьева","Юлия","Олеговна","2008-05-28","ж",null,8,8,12.6,33,"участник",null,"Билалова Ф.М.","МБОУ «Средняя общеобразовательная школа №7 г. Лениногорска» "]
[null,"Гафиятуллина","Гульназ","Маратовна","2008-02-11","ж",null,8,8,14.2,33,"участник",null,"Билалова Ф.М.","МБОУ «Средняя общеобразовательная школа №7 г. Лениногорска» "]
[null,"Павлова","Алиса","Евгеньевна","2008-11-07","ж",null,8,8,18.4,33,"призёр","призёр","Билалова Ф.М.","МБОУ «Средняя общеобразовательная школа №7 г. Лениногорска» "]
[null,"Алексеева","Анастасия","Александровна","2007-10-24","ж",null,9,9,22.4,57,"участник",null,"Билалова Ф.М.","МБОУ «Средняя общеобразовательная школа №7 г. Лениногорска» "]
[null,"Сыркина","Дарья","Андреевна","2007-03-13","ж",null,9,9,23.3,57,"участник",null,"Билалова Ф.М.","МБОУ «Средняя общеобразовательная школа №7 г. Лениногорска» "]
[null,"Храмова","Кира","Игоревна","2007-08-22","ж",null,9,9,13.7,57,"участник",null,"Билалова Ф.М.","МБОУ «Средняя общеобразовательная школа №7 г. Лениногорска» "]
[null,"Шипунова","Анастасия","Евгеньевна","2007-09-02","ж",null,9,9,20.4,57,"участник",null,"Билалова Ф.М.","МБОУ «Средняя общеобразовательная школа №7 г. Лениногорска» "]
[null,"Бочаров","Богдан","Александрович","2007-02-09","м",null,9,9,25.4,57,"участник",null,"Билалова Ф.М.","МБОУ «Средняя общеобразовательная школа №7 г. Лениногорска» "]
[null,"Торопчина","Кира","Юрьевна","2007-12-02","ж",null,9,9,21.9,57,"участник",null,"Билалова Ф.М.","МБОУ «Средняя общеобразовательная школа №7 г. Лениногорска» "]
[null,"Залялиев","Руслан","Эльвирович","2007-02-13","м",null,9,9,22.7,57,"участник",null,"Билалова Ф.М.","МБОУ «Средняя общеобразовательная школа №7 г. Лениногорска» "]
[null,"Воякина ","Ольга","Дмитриевна","2006-08-08","ж",null,10,10,22.7,64,"участник",null,"Билалова Ф.М.","МБОУ «Средняя общеобразовательная школа №7 г. Лениногорска» "]
[null,"Егоянц","Диана","Артуровна","2006-01-31","ж",null,10,10,18.8,64,"участник",null,"Билалова Ф.М.","МБОУ «Средняя общеобразовательная школа №7 г. Лениногорска» "]
[null,"Ибрагимова","Камилла","Ильдусовна","2006-02-23","ж",null,10,10,29.9,64,"участник",null,"Билалова Ф.М.","МБОУ «Средняя общеобразовательная школа №7 г. Лениногорска» "]
[null,"Насыров","Камиль","Ришатович","2006-08-06","м",null,10,10,21.1,64,"участник",null,"Билалова Ф.М.","МБОУ «Средняя общеобразовательная школа №7 г. Лениногорска» "]
[null,"Романенко","Полина","Андреевна","2006-02-19","ж",null,10,10,34,64,"призёр",null,"Билалова Ф.М.","МБОУ «Средняя общеобразовательная школа №7 г. Лениногорска» "]
[null,"Жабина","Ангелина","Андреевна","2005-08-25","ж",null,11,11,37.5,71,"призёр",null,"Билалова Ф.М.","МБОУ «Средняя общеобразовательная школа №7 г. Лениногорска» "]
[null,"Минхайров","Булат","Ринатович","2005-07-27","м",null,11,11,11.9,71,"участник",null,"Билалова Ф.М.","МБОУ «Средняя общеобразовательная школа №7 г. Лениногорска» "]
[null,"Алексеева","Анна","Александровна","2005-05-20","ж",null,11,11,37.2,71,"призёр",null,"Билалова Ф.М.","МБОУ «Средняя общеобразовательная школа №7 г. Лениногорска» "]
[null,"Гирфанов","Руслан","Марселевич","2005-07-28","м",null,11,11,26.1,71,"участник",null,"Билалова Ф.М.","МБОУ «Средняя общеобразовательная школа №7 г. Лениногорска» "]
[null,"Ильина","Анастасия","Александровна","2005-06-12","ж",null,11,11,26.1,71,"участник",null,"Билалова Ф.М.","МБОУ «Средняя общеобразовательная школа №7 г. Лениногорска» "]
[null,"Ильина","Арина","Сергеевна","2005-06-21","ж",null,11,11,24.5,71,"участник",null,"Билалова Ф.М.","МБОУ «Средняя общеобразовательная школа №7 г. Лениногорска» "]

{"sheet":"Лист2","index":1,"n_rows":0,"n_cols":0,"rows_kept":0}

{"sheet":"Лист3","index":2,"n_rows":0,"n_cols":0,"rows_kept":0}